Paris Saint-Germain 2010's Starting XI - Statistics

General Stats
  • This quiz has been taken 10,267 times
  • The average score is 24 of 47
Answer Stats
Player % Correct
Edinson Cavani
96%
Zlatan Ibrahimović
96%
Kylian Mbappé
95%
Marco Verratti
93%
Angel Di Maria
92%
Neymar
91%
Thiago Silva
91%
Marquinhos
88%
Alphonse Aréola
80%
Kevin Trapp
80%
Julian Draxler
78%
Presnel Kimpembe
78%
Salvatore Sirigu
75%
Blaise Matuidi
72%
Maxwell
71%
Ezequiel Lavezzi
70%
Juan Bernat
70%
Serge Aurier
70%
Thiago Motta
69%
David Luiz
68%
Lucas Moura
65%
Dani Alves
63%
Javier Pastore
62%
Thilo Kehrer
62%
Adrien Rabiot
59%
Gregory van der Wiel
55%
Alex
44%
Nenê
38%
Christophe Jallet
36%
Jérémy Ménez
34%
Mamadou Sakho
34%
Mevlut Erdinç
27%
Guillaume Hoarau
26%
Kévin Gameiro
24%
Clément Chantôme
22%
Apoula Edel
18%
Stéphane Sessègnon
18%
Mohamed Sissoko
15%
Sylvain Armand
15%
Zoumana Camara
15%
Claude Makélélé
14%
Mathieu Bodmer
13%
Siaka Tiéné
13%
Ceara
12%
Ludovic Giuly
11%
Peguy Luyindula
10%
Jérémy Clément
9%
No matching quizzes found
Score Distribution
Percent of People with Each Score
Percentile by Number Answered
Your Score History
You have not taken this quiz